000 01284nim a2200229 i 4500
001 188123
003 ES-MaACL
005 20230906223123.0
007 s| |||||||||||
008 180508s2011 sp ||| |||||||| | spa d
245 0 0 _aPoemas en homenaje a las Brigadas Internacionales [
_hGrabación sonora] /
_corganizan, Agrupación Ateneísta "Juan Negrín", AABI.
260 _a[Madrid :
_bAteneo de Madrid,
_c2011]
300 _a1 disco (DVD) ;
_c12 cm.
518 _aMartes, 17 de mayo de 2011, 19.30 horas, Ateneo de Madrid.
594 _aRecoge: "Recital de poesía Homenaje a las Brigadas Internacionales", organizado por la Agrupación Ateneísta Juan Negrín, en colaboración con la Asociación de Amigos de las Brigadas Internacionales y la Agrupación para el diálogo Ágora, el 17 de mayo de 2011, en el Salón Ciudad de Úbeda, Ateneo de Madrid [datos tomados de Web del Ateneo de Madrid]
610 2 4 _aAteneo de Madrid.
_bSalón Ciudad de Úbeda.
_9164734
610 2 4 _aAteneo de Madrid-
_xActos culturales-
_y2011-
_vGrabaciones sonoras.
_9164736
610 2 4 _aBrigadas Internacionales.
_92235
710 2 _aAgrupación Ateneísta Juan Negrín.
_9164735
710 2 _aAsociación de Amigos de las Brigadas Internacionales.
_9149464
852 _aES-MaACL
_jROT 2/7/28
999 _c188123
_d188123